Festival di Sanremo '85 (Record n. 99525)
[ formato base ]
| 000 -LEADER | |
|---|---|
| fixed length control field | 02508njm a2200457Ia 4500 |
| 001 - CONTROL NUMBER | |
| control field | 26077 |
| 003 - CONTROL NUMBER IDENTIFIER | |
| control field | IT-RoPAU |
| 005 - DATE AND TIME OF LATEST TRANSACTION | |
| control field | 20220918181117.0 |
| 008 - FIXED-LENGTH DATA ELEMENTS--GENERAL INFORMATION | |
| fixed length control field | 131025s9999 xx 000 0 und d |
| 040 ## - CATALOGING SOURCE | |
| Original cataloging agency | IT-RoPAU |
| 040 ## - CATALOGING SOURCE | |
| Transcribing agency | IT-RoPAU |
| 041 ## - LANGUAGE CODE | |
| Language code of text/sound track or separate title | ITALIANO |
| 999 ## - SYSTEM CONTROL NUMBERS (KOHA) | |
| Koha Dewey Subclass [OBSOLETE] | n.d. |
| 100 ## - MAIN ENTRY--PERSONAL NAME | |
| Personal name | AA.VV. |
| 9 (RLIN) | 794 |
| 100 ## - MAIN ENTRY--PERSONAL NAME | |
| Relator term | Autore musica |
| 9 (RLIN) | 15528 |
| 100 ## - MAIN ENTRY--PERSONAL NAME | |
| Miscellaneous information | Codice autore musica SPICS: 12000 |
| 9 (RLIN) | 796 |
| 245 ## - TITLE STATEMENT | |
| Title | Festival di Sanremo '85 |
| 250 ## - EDITION STATEMENT | |
| Edition statement | 1a ed. |
| 260 ## - PUBLICATION, DISTRIBUTION, ETC. (IMPRINT) | |
| Place of publication, distribution, etc. | ROMA |
| 260 ## - PUBLICATION, DISTRIBUTION, ETC. (IMPRINT) | |
| Name of publisher, distributor, etc. | SPICS RECORDS |
| Date of publication, distribution, etc. | 1985 [1a Ed.:1985 - Ed. Lingua Orig.: 1985] |
| 300 ## - PHYSICAL DESCRIPTION | |
| Extent | MUSICASSETTA |
| 300 ## - PHYSICAL DESCRIPTION | |
| Dimensions | 60 minuti (Testo: pag.) |
| 500 ## - GENERAL NOTE | |
| General note | Canzone italiana. Canzoni presentate al Festival di Sanremo 1985 |
| 505 ## - FORMATTED CONTENTS NOTE | |
| Formatted contents note | Notte serena - Noi ragazzi di oggi - Donne - Buona fortuna - Il profumo del tempo - Questo piccolo grande amore - Cose veloci - Franca ti amo - Volti nella noia - Lasciamoci andare - Black Cars - Why? - I'll Fly For You - Why Is It So Hard? |
| 650 ## - SUBJECT ADDED ENTRY--TOPICAL TERM | |
| Topical term or geographic name as entry element | CANZONE ITALIAN [CASSETTE] |
| Relator term | Codice MATERIA SPICS: 9951 |
| 9 (RLIN) | 2279 |
| 700 ## - ADDED ENTRY--PERSONAL NAME | |
| Personal name | Christian |
| Dates associated with a name | Codice autore musica SPICS: 10823 |
| Relator term | Autore musica |
| Name of part/section of a work | Notte serena |
| 9 (RLIN) | 15529 |
| 700 ## - ADDED ENTRY--PERSONAL NAME | |
| Personal name | Miguel Luis |
| Dates associated with a name | Codice autore musica SPICS: 9873 |
| Relator term | Autore musica |
| Name of part/section of a work | Noi ragazzi di oggi |
| 9 (RLIN) | 15530 |
| 700 ## - ADDED ENTRY--PERSONAL NAME | |
| Personal name | Fornaciari Zucchero |
| Dates associated with a name | Codice autore musica SPICS: 10901 |
| Relator term | Autore musica |
| Name of part/section of a work | Donne |
| 9 (RLIN) | 15531 |
| 700 ## - ADDED ENTRY--PERSONAL NAME | |
| Personal name | Locasciulli Mimmo |
| Dates associated with a name | Codice autore musica SPICS: 1168 |
| Relator term | Autore musica |
| Name of part/section of a work | Buona fortuna |
| 9 (RLIN) | 15532 |
| 700 ## - ADDED ENTRY--PERSONAL NAME | |
| Personal name | Ricciarelli Katia |
| Dates associated with a name | Codice autore musica SPICS: 16959 |
| Relator term | Autore musica |
| Name of part/section of a work | Il profumo del tempo |
| 9 (RLIN) | 15533 |
| 700 ## - ADDED ENTRY--PERSONAL NAME | |
| Personal name | Baglioni Claudio |
| Dates associated with a name | Codice autore musica SPICS: 10741 |
| Relator term | Autore musica |
| Name of part/section of a work | Questo piccolo grande amore |
| 9 (RLIN) | 15534 |
| 700 ## - ADDED ENTRY--PERSONAL NAME | |
| Personal name | Garbo |
| Dates associated with a name | Codice autore musica SPICS: 9887 |
| Relator term | Autore musica |
| Name of part/section of a work | Cose veloci |
| 9 (RLIN) | 15535 |
| 700 ## - ADDED ENTRY--PERSONAL NAME | |
| Personal name | Graziani Ivan |
| Dates associated with a name | Codice autore musica SPICS: 5852 |
| Relator term | Autore musica |
| Name of part/section of a work | Franca ti amo |
| 9 (RLIN) | 15536 |
| 700 ## - ADDED ENTRY--PERSONAL NAME | |
| Personal name | Champagne Molotov |
| Dates associated with a name | Codice autore musica SPICS: 9859 |
| Relator term | Autore musica |
| Name of part/section of a work | Volti nella noia |
| 9 (RLIN) | 15537 |
| 700 ## - ADDED ENTRY--PERSONAL NAME | |
| Personal name | Valentini Antonio |
| Dates associated with a name | Codice autore musica SPICS: 9834 |
| Relator term | Autore musica |
| Name of part/section of a work | Lasciamoci andare |
| 9 (RLIN) | 15538 |
| 700 ## - ADDED ENTRY--PERSONAL NAME | |
| Personal name | Vannelli Gino |
| Dates associated with a name | Codice autore musica SPICS: 16960 |
| Relator term | Autore musica |
| Name of part/section of a work | Black Cars |
| 9 (RLIN) | 15539 |
| 700 ## - ADDED ENTRY--PERSONAL NAME | |
| Personal name | Bronski Beat |
| Dates associated with a name | Codice autore musica SPICS: 11411 |
| Relator term | Autore musica |
| Name of part/section of a work | Why? |
| 9 (RLIN) | 15540 |
| 700 ## - ADDED ENTRY--PERSONAL NAME | |
| Personal name | Spandau Ballet |
| Dates associated with a name | Codice autore musica SPICS: 9875 |
| Relator term | Autore musica |
| Name of part/section of a work | I'll Fly For You |
| 9 (RLIN) | 15541 |
| 700 ## - ADDED ENTRY--PERSONAL NAME | |
| Personal name | Talk Talk |
| Dates associated with a name | Codice autore musica SPICS: 11414 |
| Relator term | Autore musica |
| Name of part/section of a work | Why Is It So Hard? |
| 9 (RLIN) | 15542 |
| 942 ## - ADDED ENTRY ELEMENTS (KOHA) | |
| Koha item type | MUSICASSETTE |
| Source of classification or shelving scheme | Dewey Decimal Classification |
| Withdrawn status | Lost status | Damaged status | Not for loan | Home library | Current library | Date acquired | Total Checkouts | Full call number | Date last seen | Price effective from | Koha item type | Public note |
|---|---|---|---|---|---|---|---|---|---|---|---|---|
| Buone Condizioni | Not For Loan | SPICS-MEDIATECA | SPICS-MEDIATECA | 25/10/2013 | 26077 | 25/10/2013 | 25/10/2013 | MUSICASSETTE | Progr. Ins.: 5945 / N.Vol.: 1 / Copie: 1 - Copia rara: n.d. / date import: 01.01.2014 - By Epidotti, Trombetti, Vaglietti |